Hemispheric transport of air pollution, 2010 (Record no. 76164)

MARC details
000 -LEADER
fixed length control field 01032nam a2200217 a 4500
008 - FIXED-LENGTH DATA ELEMENTS--GENERAL INFORMATION
fixed length control field 110902s2010 ||||||||||||||||| || u
020 ## - INTERNATIONAL STANDARD BOOK NUMBER
International Standard Book Number 9789211170436
050 ## - LIBRARY OF CONGRESS CALL NUMBER
Classification number UN-ECE(08)
110 ## - MAIN ENTRY--CORPORATE NAME
Corporate name or jurisdiction name as entry element United Nations Economic Commission for Europe (UNECE)
245 10 - TITLE STATEMENT
Title Hemispheric transport of air pollution, 2010
Statement of responsibility, etc. by United Nations Economic Commission for Europe [UN-ECE]
260 ## - PUBLICATION, DISTRIBUTION, ETC.
Place of publication, distribution, etc. New York:
Name of publisher, distributor, etc. United Nations Economic Commission for Europe (UNECE)
Date of publication, distribution, etc. 2010
300 ## - PHYSICAL DESCRIPTION
Extent xxv, 278 pages : illustrations
350 ## -
-- 0.00
362 1# -
-- <p> Part A: ozone and particulate matter; Part B: Mercury</p>
490 ## -
-- Air Pollution Studies
490 ## -
-- 17, 18
650 ## - SUBJECT ADDED ENTRY--TOPICAL TERM
Topical term or geographic name entry element AIR POLLUTION
650 ## - SUBJECT ADDED ENTRY--TOPICAL TERM
Topical term or geographic name entry element AIR POLLUTION--EUROPE
995 ## -
-- SPECIAL COLLECTIONS
-- 559
-- CBU-MAIN LIBRARY (Kitwe)
-- 0.00
-- UN-ECE(08)APS/2010/17
-- 1
-- AVAILABLE
-- Mar 5, 2013
-- B559
-- International Publications
995 ## -
-- SPECIAL COLLECTIONS
-- 560
-- CBU-MAIN LIBRARY (Kitwe)
-- 0.00
-- UN-ECE(08)APS/2010/18
-- 2
-- AVAILABLE
-- Mar 5, 2013
-- B560
-- International Publications
999 ## -
-- 76164
-- 76164
Holdings
Withdrawn status Lost status Source of classification or shelving scheme Damaged status Not for loan Permanent Location Current Location Shelving location Date acquired Total Checkouts Full call number Barcode Date last seen Copy number Price effective from Koha item type
          CBU-MAIN LIBRARY, KITWE. CBU-MAIN LIBRARY, KITWE.   04/25/2023   UN-ECE(08)APA/2010/17 B559 04/25/2023 1 04/25/2023 SPECIAL COLLECTION
          CBU-MAIN LIBRARY, KITWE. CBU-MAIN LIBRARY, KITWE.   04/25/2023   UN-ECE(08)APA/2010/18 B560 04/25/2023 2 04/25/2023 SPECIAL COLLECTION